Library Banner

فیض کی شاعری کا نیا دور (Record no. 80625)

MARC details
000 -LEADER
fixed length control field 00431nam a22001457a 4500
005 - DATE AND TIME OF LATEST TRANSACTION
control field 20151207112825.0
008 - FIXED-LENGTH DATA ELEMENTS--GENERAL INFORMATION
fixed length control field 151207b xxu||||| |||| 00| 0 eng d
040 ## - CATALOGING SOURCE
Transcribing agency PK-LaUMT
082 ## - DEWEY DECIMAL CLASSIFICATION NUMBER
Classification number MSC 928.91439
Item number ABD-F
100 ## - MAIN ENTRY--PERSONAL NAME
Personal name عبدالروف ملک
245 ## - TITLE STATEMENT
Title فیض کی شاعری کا نیا دور
Statement of responsibility, etc عبدالروف ملک
260 ## - PUBLICATION, DISTRIBUTION, ETC. (IMPRINT)
Place of publication, distribution, etc لاہور
Name of publisher, distributor, etc پیپلز پبلشنگ ہاوس
Date of publication, distribution, etc 1988
300 ## - PHYSICAL DESCRIPTION
Extent 143 ص
942 ## - ADDED ENTRY ELEMENTS (KOHA)
Koha item type Books
Holdings
Withdrawn status Lost status Damaged status Home library Current library Date acquired Full call number Barcode Date last seen Price effective from Koha item type
      UMT Main Campus UMT Main Campus 2015-12-07 MSC 928.91439 ABD-F 95656 2015-12-07 2015-12-07 Books